Nagyszombat és vidéke politikai, közgazdasági és társadalmi lap

Podrobná bibliografia
Korporatívny autor: Goldmann, Maximilián (a spol.) (Trnava, Slovensko) (Tlačiar)
Ďalší autori: Ujházy, Árpád (Editor)
Médium: Noviny
Jazyk:maďarčina
Fyzický popis:16 zväzkov 45 cm
Vydavateľské údaje: Nagyszombat Ujházy Árpád 1906-1914
Predmet:

MARC

LEADER 00000nas a2200000 4500
001 vtls012159927
003 SK-MaSNL
005 20260228160547.0
008 230201d19071916xo wr ne 0 a0hun
040 |a SNK  |b slo  |c SNK  |e rda 
041 0 |a hun 
044 |a xo  |c SK 
072 7 |a 32  |x Politika  |2 konspekt 
080 |a 32  |2 2011 
080 |a 33  |2 2011 
080 |a 316.3  |2 2011 
080 |a (054)  |2 2011 
245 0 0 |a Nagyszombat és vidéke  |b politikai, közgazdasági és társadalmi lap 
264 1 |a Nagyszombat  |b Ujházy Árpád  |c 1906-1914 
264 3 |a Nagyszombat  |b Goldmann Miksánál 
300 |a 16 zväzkov  |c 45 cm 
310 |a 1x týždenne 
336 |a text  |b txt  |2 rdacontent 
337 |a bez média  |b n  |2 rdamedia 
338 |a zväzok  |b nc  |2 rdacarrier 
362 0 |a 1. évfolyam 1. szám (1907)-8. évfolyam 52. szám (1914) 
500 |a Editor a majiteľ novín: Árpád Ujházy 
500 |a Podnázov sa mení 
515 |a Vyšlo aj ukážkové číslo 26. septembra 1907 
650 0 7 |a politika  |2 SNKPH  |9 968 
650 0 7 |a ekonomika  |2 SNKPH  |9 789 
650 0 7 |a spoločnosť  |2 SNKPH  |9 1013 
655 7 |a noviny  |2 SNKPH  |9 72987 
700 1 |a Ujházy, Árpád  |4 edt  |4 pbl  |9 266887 
710 2 |a Goldmann, Maximilián (a spol.) (Trnava, Slovensko),  |d 1886-1920  |4 prt  |9 266888 
752 |a Slovensko  |d Trnava 
910 |a snk 
916 |a 1907-1916 
999 |c 2973  |d 4903 
952 |0 0  |1 0  |3 -spolu zviazané r. 1907-1908  |4 0  |7 1  |8 5  |a SNK  |b SNK  |d 2023-02-07  |f 1  |i snkF 1133/80  |l 0  |o snkČSA 870/1/1907  |p 17A0790550  |r 2026-02-21 20:17:53  |t č. 1-13 + nulté číslo  |w 2026-02-21  |y NEVYP  |z Vyšlo aj ukážkové nulté číslo 26. septembra 1907 
952 |0 0  |1 0  |3 -spolu zviazané r. 1907-1908  |4 0  |7 0  |8 5  |a SNK  |b SNK  |d 2023-02-07  |f 1  |i snkF 1133/80  |l 0  |o snkČSA 870/2/1908  |p 17A1465498  |r 2026-02-21 20:17:53  |t č. 1-52  |w 2026-02-21  |y PREZ 
952 |0 0  |1 0  |4 0  |7 0  |8 5  |a SNK  |b SNK  |d 2023-02-07  |f 1  |i snkF 1134/80  |l 0  |o snkČSA 870/3/1909  |p 17A0790364  |r 2026-02-21 20:17:53  |t č. 1-52  |w 2026-02-21  |y PREZ 
952 |0 0  |1 0  |4 0  |7 0  |8 5  |a SNK  |b SNK  |d 2023-02-07  |f 1  |i snkF 1135/80  |l 0  |o snkČSA 870/4/1910  |p 17A0790529  |r 2026-02-21 20:17:53  |t č. 1-52  |w 2026-02-21  |y PREZ 
952 |0 0  |1 0  |4 0  |7 0  |8 5  |a SNK  |b SNK  |d 2023-02-07  |f 1  |i snkF 1136/80  |l 0  |o snkČSA 870/5/1911  |p 17A0789803  |r 2026-02-21 20:17:53  |t č. 1-52  |w 2026-02-21  |y PREZ 
952 |0 0  |1 0  |4 0  |7 0  |8 5  |a SNK  |b SNK  |d 2023-02-07  |f 1  |i snkF 1137/80  |l 0  |o snkČSA 870/6/1912  |p 17A0790478  |r 2026-02-21 20:18:02  |t č. 1-52  |w 2026-02-21  |y PREZ 
952 |0 0  |1 0  |4 0  |7 0  |8 5  |a SNK  |b SNK  |d 2023-02-07  |f 1  |i snkF 1138/80  |l 0  |o snkČSA 870/7/1913  |p 17A0789812  |r 2026-02-21 20:18:02  |t č. 1-52  |w 2026-02-21  |y PREZ 
952 |0 0  |1 0  |4 0  |7 0  |8 5  |a SNK  |b SNK  |d 2023-02-07  |f 1  |i snkF 1139/80  |l 0  |o snkČSA 870/8/1914  |p 17A0790502  |r 2026-02-21 20:18:02  |t č. 1-52 + 4 príl.  |w 2026-02-21  |y PREZ  |z Príl.: v č. 10,20,23,28 - Az otthon 
952 |0 0  |1 0  |4 0  |7 0  |8 5  |a SNK  |b SNK  |d 2023-02-07  |f 1  |i snkF 1140/80  |l 0  |o snkČSA 870/9/1915  |p 17A0790503  |r 2026-02-21 20:18:02  |t č. 1-52  |w 2026-02-21  |y PREZ 
952 |0 0  |1 0  |4 0  |7 0  |8 5  |a SNK  |b SNK  |d 2023-02-07  |f 1  |i snkF 1141/80  |l 0  |o snkČSA 870/10/1916  |p 17A0789809  |r 2026-02-21 20:18:02  |t č. 1-53  |w 2026-02-21  |y PREZ